00695nam a22002057a 450000500170000001000260001702000260004302000230006903500130009203500170010503700170012203700130013908200110015210000240016324501200018726000450030727000640035230000230041650000500043920150428102505.0 aBAC-EN21 ENG-110595 a9780199450671c995.00 a0199450676c995.00 aEN-94127 aB-588861-874 bBSB/Venadpl bDBAD/PUB a954.11 aZutshi, Chitralekha aKashmir's contested pasts :cby Chitralekha Zutshibnarratives, sacred geographies and the historical imagination / aNew DelhibOxford University Pressc2014 aYMCA Library Building, 1 Jai Singh Road bNew Delhie110001 axv,360p.c23cm(Hb) aIncludes bibliographical references and index